| 000 | 00939nam a2200301 c 4500 | ||
|---|---|---|---|
| 001 | BV042655410 | ||
| 003 | DE-604 | ||
| 005 | 20220406153920.0 | ||
| 007 | t | ||
| 008 | 150629s1965 |||| 00||| und d | ||
| 035 | _a(DE-599)BVBBV042655410 | ||
| 040 |
_aDE-604 _bger _cRU-10907106 |
||
| 041 | _ager | ||
| 245 | 1 | 0 |
_aEugen Gerstenmaier im Dritten Reich _beine Dokumentation |
| 264 | 1 |
_aStuttgart _bEv. Verlagswerk _c1965 |
|
| 300 | _a62 Seiten | ||
| 336 |
_aText _btxt _2rdacontent |
||
| 337 |
_aohne Hilfsmittel zu benutzen _bn _2rdamedia |
||
| 338 |
_aBand _bnc _2rdacarrier |
||
| 600 |
_aGerstenmaier, Eugen _95173 |
||
| 650 | 7 |
_2gnd _aNationalsozialismus |
|
| 650 | 7 |
_2gnd _aNationalsozialismus / Widerstand _91713 |
|
| 650 | 7 |
_2gnd _aPolitische Einstellung _95174 |
|
| 650 | 7 |
_2gnd _aVerleumdung _95175 |
|
| 651 | 7 |
_2gnd _aDeutschland _980 |
|
| 700 | 1 |
_4edt _aSchlabrendorff, Fabian von _eHerausgeber _95176 |
|
| 942 |
_2z _cMG |
||
| 999 |
_c56997 _d56997 |
||